000 00839nam a22002777a 4500
001 BR2010004883
003 BR-BrBNA
005 20230928103404.0
007 ta
008 230509b bl.||||| |||| 00| 0 por d
040 _aBR-BrBNA
_bpor
_cBiblioteca Nacional de Agricultura
041 _a(Por)
072 _aE14; L10
_b5213
090 _ 5213 BR2010004883
110 1 _aAssociação Nacional de Criadores Herd-Book Collares, Pelotas, RS (Brasil)
245 1 _aSumários de touros 2002 Aberdeen Angus
_bConvênio ANC - MAPA/SARC/DENACOOP
260 3 _aPelotas, RS (Brasil):
_c[nd].
300 _a51 p.
650 _aTOURO
650 _aGADO POLLED-ANGUS
650 _aGADO DE CORTE
650 _aPROJETO DE DESENVOLVIMENTO
650 _aMELHORAMENTO GENÉTICO ANIMAL
909 _a202309
_bLucia
_c55
_dLucia Elande
942 _cBK
999 _c74904
_d74904